| 000 | 02228 a2200313 4500 | ||
|---|---|---|---|
| 001 | 41315 | ||
| 005 | 20260407155707.0 | ||
| 008 | 260407a2015 arg spa d | ||
| 003 | AR-UNSa-BCEJYS | ||
| 040 |
_aAR-UNSa-BCEJYS _bspa _cAR-UNSa-BCEJYS |
||
| 080 |
_a343.13 _xProcedimiento penal. Derecho procesal penal |
||
| 245 | 1 | 0 |
_aCódigo procesal penal de la Nación _pAspectos esenciales de la reforma introducida por la Ley 27.063 |
| 264 | 1 |
_aBuenos Aires : _bErreius _c2015 |
|
| 300 |
_a105 p. _c26 cm. |
||
| 505 | _a1. Consideraciones en torno al nuevo Código Procesal Penal de la Nación (L. 27063) / Luis F. Niño - 2. El nuevo Código Procesal Penal de la Nación -L. 27063- / Nicolás Grappasonno - 3. A propósito de la implementación del nuevo Código Procesal Penal de la Nación: ¿existe un límite temporal entre dos sistemas procesales? / Horacio J. Romero Villanueva - 4. Sobre ciertos aspectos del juicio en el nuevo Código Procesal Penal de la Nación / Raúl F. Elhart - 5. La conciliación en el nuevo Código Procesal Penal de la Nación / Viviana H. Sánchez Rodríguez - 6. La suspensión del juicio a prueba en el nuevo Código Procesal Penal: el régimen diferenciado para nacionales y extranjeros / Javier T. Alvarez - 7. Sobre los procedimientos alternativos al juicio oral que se establecen en el nuevo Código Procesal Penal de la Nación / Corina Vera Mendoza - 8. La conciliación a la luz de la ley 24769. ¿Un nuevo supuesto de extinción de la acción penal por pago? / Santiago L. González - 9. La imposibilidad de aplicar una pena mayor a la solicitada por el fiscal o modificar la calificación legal en el nuevo Código Procesal Penal / Yamila Rodríguez | ||
| 041 | _aspa | ||
| 942 | _cBK | ||
| 590 | _aniveau_biblio:m niveau_hierar:0 | ||
| 100 | 1 | _aNiño, Luis F. | |
| 700 | 1 | _aRomero Villanueva, Horacio J. | |
| 700 | 1 | _aGrappasonno, Nicolás | |
| 700 | 1 | _aElhart, Raúl F. | |
| 700 | 1 | _aSánchez Rodríguez, Viviana H. | |
| 700 | 1 | _aÁlvarez, Javier T. | |
| 700 | 1 | _aVera Mendoza, Corina | |
| 700 | 1 | _aGonzález, Santiago L. | |
| 700 | 1 | _aRodríguez, Yamila V. | |
| 856 | 4 | 1 |
_uhttps://biblioeco.unsa.edu.ar/pmb/images/libros/E00030.jpg _yImagen de portada _qimage/jpeg |
| 999 |
_c3458 _d3458 |
||